| 000 | 00399 a2200157 4500 | ||
|---|---|---|---|
| 020 | _a8186773116 | ||
| 024 | _a978816773116 | ||
| 082 | _a658 | ||
| 090 |
_c4777 _d4777 |
||
| 100 | _aBatra, Promod. | ||
| 245 |
_aManagement Ideas in Actin _bPromod Batra, Deepak Mahendru |
||
| 260 |
_aNew Delhi, India _bUSB Publishers _c1997 |
||
| 300 | _a492 | ||
| 500 | _apapercover | ||
| 942 |
_aNBS _cBK _k658 BAT |
||
| 999 |
_c347208 _d347208 |
||